Los manuales de pedagogía y la formación del profesorado en las escuelas normales de España (1839-1901) / (Record n. 31493)

Dettagli MARC
000 -LEADER
fixed length control field 00994cam a2200265 i 4500
003 - CONTROL NUMBER IDENTIFIER
control field IT-RoINE
005 - DATE AND TIME OF LATEST TRANSACTION
control field 20190723101252.0
008 - FIXED-LENGTH DATA ELEMENTS--GENERAL INFORMATION
fixed length control field 010928s2001 sp | r o||| ||spa d
020 ## - INTERNATIONAL STANDARD BOOK NUMBER
International Standard Book Number 8436241460
040 ## - CATALOGING SOURCE
Original cataloging agency SpMaBN
Language of cataloging spa
Transcribing agency SpMaBN IT-RoINE
Description conventions rdc
Modifying agency IT-RoINE
100 1# - MAIN ENTRY--PERSONAL NAME
Personal name Rabazas Romero, María Teresa,
Dates associated with a name 1964-
9 (RLIN) 61742
245 14 - TITLE STATEMENT
Title Los manuales de pedagogía y la formación del profesorado en las escuelas normales de España (1839-1901) /
Statement of responsibility, etc Teresa Rabazas Romero.
260 ## - PUBLICATION, DISTRIBUTION, ETC. (IMPRINT)
Place of publication, distribution, etc Madrid :
Name of publisher, distributor, etc UNED,
Date of publication, distribution, etc 2001.
300 ## - PHYSICAL DESCRIPTION
Extent 453 p. :
Other physical details gráf. ;
Dimensions 24 cm.
336 ## - CONTENT TYPE
Source rdacontent
Content type term text
337 ## - MEDIA TYPE
Source rdamedia
Media type term unmediated
338 ## - CARRIER TYPE
Source rdacarrier
Carrier type term volume
490 1# - SERIES STATEMENT
Series statement Serie "Proyecto Manes"
500 ## - GENERAL NOTE
General note Anexo: catálogo bibliográfico": p. [315]-453.
504 ## - BIBLIOGRAPHY, ETC. NOTE
Bibliography, etc Bibliografía: p. [285]-313.
650 #4 - SUBJECT ADDED ENTRY--TOPICAL TERM
Topical term or geographic name as entry element Profesores
General subdivision Formación profesional
Geographic subdivision España
Chronological subdivision Siglo 19o.
9 (RLIN) 61743
650 #4 - SUBJECT ADDED ENTRY--TOPICAL TERM
Topical term or geographic name as entry element Libros de textos
Geographic subdivision España
Chronological subdivision Siglo 19o.
9 (RLIN) 61744
830 #0 - SERIES ADDED ENTRY--UNIFORM TITLE
Uniform title Serie Proyecto Manes
9 (RLIN) 61745
942 ## - ADDED ENTRY ELEMENTS (KOHA)
Item type Monografías
Dati di copia
Withdrawn status Lost status Damaged status Not for loan Home library Current library Date acquired Total Checkouts Full call number Barcode Date last seen Price effective from Koha item type
        Iglesia Nacional Española en Roma Iglesia Nacional Española en Roma 23/07/2019   HIS.ESP.4. 1595 57953 23/07/2019 23/07/2019 Monografías